[Event "Buchen op 8th"]
[Site "Buchen"]
[Date "2019.09.06"]
[Round "1"]
[White "Lenhardt, Manfred"]
[Black "Kail, Thomas"]
[Result "1-0"]
[WhiteElo "1978"]
[BlackElo "1528"]
[PlyCount "79"]
[EventDate "2019.09.06"]
[EventType "swiss"]
[EventRounds "5"]
[EventCountry "GER"]
[SourceTitle "EXT 2020"]
[Source "ChessBase"]
[SourceDate "2019.10.17"]
[SourceVersion "1"]
[SourceVersionDate "2019.10.17"]
[SourceQuality "1"]

1. d4 d5 2. Nf3 g6 3. g3 Bg7 4. Bg2 e6 5. 0-0 Ne7 6. c4 c6 7. Na3 b6 8. Qc2 0-0 9. e4 Nd7 10. Re1 Ba6 11. Bf4 Re8 12. exd5 cxd5 13. Qa4 Qc8 14. b3 Qb7 15. Nb5 Bxb5 16. Qxb5 a6 17. Qb4 a5 18. Qd2 Rac8 19. Rac1 Qa6 20. Bf1 Qb7 21. Bg2 Qa6 22. Qd3 h6 23. h4 Kh7 24. g4 Kg8 25. Bf1 Qb7 26. Qe3 Kh7 27. Bd3 Qa8 28. h5 Qb7 29. Bd6 dxc4 30. bxc4 Nf6 31. Ne5 Rf8 32. Bxe7 Qxe7 33. hxg6+ Kg8 34. gxf7+ Rxf7 35. Nxf7 Kxf7 36. d5 Nxg4 37. Qf4+ Nf6 38. Rxe6 Qc5 39. Rce1 Rg8 40. Rc6 1-0

[Event "Heusenstamm Sparkassen op-B 4th"]
[Site "Heusenstamm"]
[Date "2017.11.26"]
[Round "7"]
[White "Kail, Thomas"]
[Black "Pessotschinski, Eduard"]
[Result "0-1"]
[WhiteElo "1598"]
[BlackElo "1297"]
[PlyCount "56"]
[EventDate "2017.11.23"]
[EventType "swiss"]
[EventRounds "7"]
[EventCountry "GER"]
[SourceTitle "EXT 2019"]
[Source "ChessBase"]
[SourceDate "2018.10.10"]
[SourceVersion "1"]
[SourceVersionDate "2018.10.10"]
[SourceQuality "1"]

1. e4 c5 2. Nc3 d6 3. Nf3 Nf6 4. d4 cxd4 5. Nxd4 g6 6. Bd3 Bg7 7. Nb3 a6 8. f3 0-0 9. Be3 Bd7 10. Qd2 Re8 11. 0-0-0 b5 12. Bh6 Bh8 13. g4 b4 14. Nd5 Nxd5 15. exd5 a5 16. h4 a4 17. Na1 Qb6 18. Be3 Qb7 19. Be4 a3 20. Bd4 axb2+ 21. Bxb2 Bxb2+ 22. Kxb2 Qa6 23. Nb3 Qxa2+ 24. Kc1 Qa3+ 25. Kb1 Ba4 26. Qd4 Bxb3 27. cxb3 Qa2+ 28. Kc1 Rc8+ 0-1

[Event "Heusenstamm Sparkassen op-B 4th"]
[Site "Heusenstamm"]
[Date "2017.11.23"]
[Round "1"]
[White "Kail, Thomas"]
[Black "Graef, Roman Konrad"]
[Result "1-0"]
[WhiteElo "1598"]
[BlackElo "1191"]
[PlyCount "117"]
[EventDate "2017.11.23"]
[EventType "swiss"]
[EventRounds "7"]
[EventCountry "GER"]
[SourceTitle "EXT 2019"]
[Source "ChessBase"]
[SourceDate "2018.10.10"]
[SourceVersion "1"]
[SourceVersionDate "2018.10.10"]
[SourceQuality "1"]

1. e4 e6 2. Nf3 b6 3. d4 d6 4. c4 g6 5. b3 Bg7 6. Bb2 Bb7 7. Qc2 h6 8. Nbd2 Ne7 9. d5 Bxb2 10. Qxb2 e5 11. Be2 Bc8 12. h3 g5 13. g3 g4 14. hxg4 Bxg4 15. Nf1 h5 16. Ne3 Ng6 17. Nxg4 hxg4 18. Rxh8+ Nxh8 19. Nh2 Qg5 20. Nxg4 Nd7 21. b4 0-0-0 22. Qd2 f6 23. Qxg5 fxg5 24. Kd2 Nf7 25. Rh1 Rh8 26. Rxh8+ Nxh8 27. Nh6 Nf6 28. Ke3 Kd7 29. Ng4 Ke7 30. Nxf6 Kxf6 31. a4 Nf7 32. b5 Nh6 33. Kd3 g4 34. Ke3 Kg5 35. Kd3 Ng8 36. Kc3 Ne7 37. Kb4 Ng8 38. a5 Nf6 39. Bd3 Nd7 40. Bc2 Nc5 41. axb6 axb6 42. Kc3 Nd7 43. Kd2 Nc5 44. Ke3 Nb7 45. Bd3 Nc5 46. Bf1 Nb3 47. Be2 Nd4 48. Bd1 Nf3 49. Bxf3 gxf3 50. Kxf3 Kh5 51. g4+ Kg5 52. Kg3 Kg6 53. Kh4 Kh6 54. g5+ Kg6 55. Kg4 Kf7 56. Kf5 Kg7 57. g6 Kf8 58. Kf6 Kg8 59. g7 1-0

[Event "Eschborn op"]
[Site "Eschborn"]
[Date "2017.10.14"]
[Round "3"]
[White "Kail, Thomas"]
[Black "Bakiev, Djamshid"]
[Result "1-0"]
[WhiteElo "1431"]
[BlackElo "1241"]
[PlyCount "51"]
[EventDate "2017.10.13"]
[EventType "swiss"]
[EventRounds "5"]
[EventCountry "GER"]
[SourceTitle "EXT 2019"]
[Source "ChessBase"]
[SourceDate "2018.10.10"]
[SourceVersion "1"]
[SourceVersionDate "2018.10.10"]
[SourceQuality "1"]

1. e4 e5 2. Nf3 Nc6 3. d4 exd4 4. Nxd4 Nf6 5. Nxc6 bxc6 6. Bd3 d5 7. exd5 Qe7+ 8. Qe2 Qxe2+ 9. Bxe2 cxd5 10. 0-0 c5 11. Bg5 Be7 12. Bb5+ Bd7 13. Bxd7+ Kxd7 14. Nd2 Rab8 15. b3 Rhe8 16. Rfe1 h6 17. Bf4 Rb4 18. Bg3 c4 19. f3 a5 20. Kf1 c3 21. Nb1 d4 22. Rd1 Bc5 23. Nxc3 Re3 24. Na4 Rb5 25. c4 Rb8 26. Bxb8 1-0

[Event "Heusenstamm Sparkassen op-B 3rd"]
[Site "Heusenstamm"]
[Date "2016.11.27"]
[Round "7"]
[White "Gade, Bernt"]
[Black "Kail, Thomas"]
[Result "1/2-1/2"]
[WhiteElo "1259"]
[BlackElo "1658"]
[PlyCount "53"]
[EventDate "2016.11.27"]
[EventType "swiss"]
[EventRounds "7"]
[EventCountry "GER"]
[SourceTitle "EXT 2018"]
[Source "ChessBase"]
[SourceDate "2017.10.13"]
[SourceVersion "1"]
[SourceVersionDate "2017.10.13"]
[SourceQuality "1"]

1. e4 e6 2. d4 d5 3. Nc3 Bb4 4. e5 Nd7 5. a3 Bxc3+ 6. bxc3 c5 7. Qg4 g6 8. h4 h5 9. Qd1 cxd4 10. cxd4 Nb6 11. Bd3 Bd7 12. Bg5 Qc7 13. Ne2 Rc8 14. 0-0 Ba4 15. Ra2 Qd7 16. Nf4 Bb5 17. Kh2 Bxd3 18. Qxd3 Na4 19. f3 Rc3 20. Qd2 b6 21. Ne2 Rc4 22. Qd3 Ne7 23. g4 Qc7 24. Rf2 b5 25. Ng3 a6 26. Ra1 Nc6 27. Be3 1/2-1/2

[Event "Eschborn op"]
[Site "Eschborn"]
[Date "2016.09.04"]
[Round "5"]
[White "Friedel, Thomas"]
[Black "Kail, Thomas"]
[Result "1/2-1/2"]
[WhiteElo "1426"]
[BlackElo "1385"]
[PlyCount "56"]
[EventDate "2016.09.02"]
[EventType "swiss"]
[EventRounds "5"]
[EventCountry "GER"]
[SourceTitle "EXT 2018"]
[Source "ChessBase"]
[SourceDate "2017.10.13"]
[SourceVersion "1"]
[SourceVersionDate "2017.10.13"]
[SourceQuality "1"]

1. e4 c5 2. Nf3 d6 3. Bb5+ Bd7 4. Bxd7+ Qxd7 5. d3 Nc6 6. Nc3 e5 7. Be3 Nf6 8. Ne2 Be7 9. h3 Nd4 10. Ng3 h6 11. c3 Nxf3+ 12. Qxf3 g6 13. 0-0 h5 14. d4 Qc6 15. Bg5 Nh7 16. Bxe7 Kxe7 17. d5 Qd7 18. c4 h4 19. Ne2 Rag8 20. Qe3 f5 21. exf5 gxf5 22. Nf4 Kf7 23. Ne6 f4 24. Qf3 Ng5 25. Nxg5+ Rxg5 26. Kh2 Rhg8 27. Rg1 Kf6 28. Rac1 Qf5 1/2-1/2

[Event "Eschborn op"]
[Site "Eschborn"]
[Date "2016.09.03"]
[Round "2"]
[White "Kail, Thomas"]
[Black "Rondonuwu, Grover"]
[Result "0-1"]
[WhiteElo "1385"]
[BlackElo "2015"]
[PlyCount "28"]
[EventDate "2016.09.02"]
[EventType "swiss"]
[EventRounds "5"]
[EventCountry "GER"]
[SourceTitle "EXT 2018"]
[Source "ChessBase"]
[SourceDate "2017.10.13"]
[SourceVersion "1"]
[SourceVersionDate "2017.10.13"]
[SourceQuality "1"]

1. e4 c5 2. c3 Nf6 3. Qc2 Qc7 4. Nf3 d6 5. h3 Bd7 6. Na3 Bc6 7. Bb5 Bxb5 8. Nxb5 Qc6 9. c4 Nxe4 10. d4 Nf6 11. 0-0 cxd4 12. Nfxd4 Qc8 13. b3 e6 14. Bg5 Nbd7 0-1